000 00819nab a2200253 u 4500
001 17192
003 HDC
007 cr bn ---aaaaa
008 210223c mydr|noo 0 a may d
040 _aHDC
100 _aSUWARNI MOKHTAR
_eauthor
_916697
245 0 _aTeroka pasaran bukan tradisi
_cby SUWARNI MOKHTAR
260 _aMalaysia :
_bUtusan Malaysia,
_c2002
336 _atext
_2rdacontent
337 _acomputer
_2rdamedia
338 _aonline resource
_2rdacarrier
650 _afood product
_92283
650 _afood supplier
_916696
710 _aUtusan Malaysia
856 _zRequest full-text at [email protected]
942 _2lcc
942 _cNEWS
942 _kNWSO 008585
999 _c14508
_d14508